Tech talk Workbook

Αποθηκεύτηκε σε:
Λεπτομέρειες βιβλιογραφικής εγγραφής
Κύριος συγγραφέας: Sydes, John
Άλλοι συγγραφείς: Cross, Brian
Μορφή: Βιβλίο
Γλώσσα:English
Έκδοση: Oxford Oxford Univ. Press 2003
Θέματα:
Ετικέτες: Προσθήκη ετικέτας
Δεν υπάρχουν, Καταχωρήστε ετικέτα πρώτοι!
Thư viện lưu trữ: Trung tâm Học liệu Lê Vũ Hùng, Trường Đại học Đồng Tháp
LEADER 00836pam a22002898a 4500
001 00027982
005 20171026081022.0
008 111222s2003 ||||||engsd
020 # # |a 9780194574556 
041 0 # |a eng 
082 1 4 |a 428  |b T201T 
100 1 # |a Sydes, John 
245 1 0 |b Workbook  |c John Sydes and Brian Cross  |a Tech talk 
260 # # |a Oxford  |b Oxford Univ. Press  |c 2003 
300 # # |a 80p.  |c 27 cm.  |b ill. 
650 # 4 |x Study and teaching  |a English language  |x Business English  |x tiếng anh  |v Textbooks for foreign speakers.  |x Foreign speakers. 
700 1 # |a Cross, Brian 
852 # # |b Kho đọc  |j KD.0012914 
852 # # |j KD.0012922 
910 0 # |d 22/12/2011 
980 # # |a Trung tâm Học liệu Lê Vũ Hùng, Trường Đại học Đồng Tháp